000 00440nam a2200145Ia 4500
003 OSt
005 20260129101136.0
008 211028s2018 xx 000 0 und d
040 _cAIMIT LIBRARY
041 _aeng
100 _aAlphonso, Francina P; Kamath, T Ramesh.
_g1616050
_97806
245 _aProcess of recruitment and selection in hitachi solutions pvt ltd Pune /
260 _aMangalore
_bT Ramesh Kamath.
_c2018
942 _2ddc
_cPRO
999 _c219374
_d219374